| 000 | 01312nam a2200373 c 4500 | ||
|---|---|---|---|
| 001 | 52683 | ||
| 003 | ES-MaCES | ||
| 005 | 20250203133240.0 | ||
| 007 | cr ||||||||||| | ||
| 008 | 230222s2022 sp o000 ||spa d | ||
| 017 |
_aM 7615-2012 _bDL |
||
| 040 |
_aES-MaCES _bspa _cES-MaCES |
||
| 245 | 0 | 0 |
_aEnergía en transición _c[informes elaborados por Antonio Merino ... et al] |
| 260 |
_aMadrid _bCírculo Cívico de Opinión _c2022 |
||
| 300 |
_a85 p. _c30 cm _e1 documento pdf (2,79) |
||
| 490 | 1 |
_aCuadernos _v35 |
|
| 541 | _cGratuito | ||
| 650 | 4 |
_arecursos energéticos _928720 |
|
| 650 | 4 |
_apolítica energética _929399 |
|
| 650 | 4 |
_aenergía renovable _930979 |
|
| 650 | 4 |
_adesarrollo sostenible _930785 |
|
| 650 | 4 |
_acambio climático _930961 |
|
| 650 | 4 |
_anuevo orden económico internacional _929223 |
|
| 650 | 4 |
_arelaciones internacionales _926675 |
|
| 650 | 4 |
_ageografía política _928776 |
|
| 650 | 4 |
_aEspaña _926964 |
|
| 653 | 1 | 0 | _aIndustria-Energía |
| 700 | 1 |
_918468 _aMerino García, Pedro Antonio |
|
| 710 | 2 |
_aCírculo Cívico de Opinión _eed. _937021 |
|
| 830 | 0 |
_aCuadernos (Círculo Cívico de Opinión) _v35 _937020 |
|
| 856 | 4 |
_uhttp://biblioteca.ces.es/repintra/B52683.pdf _ytexto completo _z[intranet] |
|
| 902 | _aDOC Literatura gris | ||
| 942 |
_2CES _cBK _h5.2. |
||
| 999 |
_c52683 _d52683 |
||